| 000 | 00944nam a22002417a 4500 | ||
|---|---|---|---|
| 003 | OSt | ||
| 005 | 20210204113337.0 | ||
| 008 | 210204s2014 ck ad||gr|||| 00| 0 spa d | ||
| 020 | _a9789588409542 | ||
| 040 |
_aCO-JMCR _cCO-JMCR |
||
| 041 | 0 | _aspa | |
| 082 | 0 | 4 |
_a658.404 / _bN216f _223 |
| 100 | 1 |
_aNapoleon de Armas P., Luis, _eautor _913033 |
|
| 245 | 1 | 0 |
_aFormulación, preparación y evaluación de proyectos / _cLuis Napoleón de Armas P. |
| 260 |
_aValledupar : _bFondo de Plublicaciones Universidad, _c[2014?] |
||
| 300 |
_a261 páginas : _bilustraciones, gráficos a blanco y negro ; _c24 cm. |
||
| 500 | _aDatos biográficos del autor en tapa posterior. | ||
| 505 | _aEstudio de factibilidad o proyecto preliminar -- Evaluación de proyectos en el sector público | ||
| 650 | 2 | 4 |
_aElaboración de proyectos _912391 |
| 650 | 2 | 4 |
_aEvaluación de proyectos _92814 |
| 650 | 2 | 4 |
_aFormulación de proyectos _92813 |
| 942 |
_2ddc _cBK |
||
| 999 |
_c7103 _d7103 |
||